Financovanie výstavby zóny rodinných domov v Šenkviciach sa robí na spôsob hypotekárneho úveru

Výstavba zóny rodinných domov v Šenkviciach. Obytná zóna ako celok. Netradičná forma financovania výstavby (na spôsob hypotekárneho úveru). Katalógové typy domov. Cena domu. Dodávka na kľúč.

Gespeichert in:
Bibliographische Detailangaben
Format: Buchkapitel
Sprache:Slowakisch
Schlagworte:
Tags: Tag hinzufügen
Keine Tags, Fügen Sie das erste Tag hinzu!

MARC

LEADER 00000naa a2200000 4500
001 r026762
005 20230921081135.9
041 0 |a slo 
044 |a SK 
245 1 0 |a Financovanie výstavby zóny rodinných domov v Šenkviciach sa robí na spôsob hypotekárneho úveru 
520 |a Výstavba zóny rodinných domov v Šenkviciach. Obytná zóna ako celok. Netradičná forma financovania výstavby (na spôsob hypotekárneho úveru). Katalógové typy domov. Cena domu. Dodávka na kľúč. 
610 2 0 |a výstavba bytová 
610 2 0 |a výstavba bytová individuálna 
610 2 0 |a financovanie 
610 2 0 |a úver hypotekárny 
610 2 0 |a Šenkvice 
610 2 0 |a Slovensko